It looks like you're offline.
Open Library logo
additional options menu

MARC record from Internet Archive

LEADER: 01087cam a2200337 a 4500
001 dd671fe55c234b4395910eeeaf414b14
003 UK-BiTAL
005 20050705120727.0
008 871009s1986 xxu b 000 ||eng|d
020 $a0029291100
035 $a()0029291100
035 $a 85020546
040 $dUW$dUK-BiTAL
050 00 $aRJ255
060 00 $aWS 420 S544b
082 04 $a174/.24$219
100 1 $aShelp, Earl E.
245 10 $aBorn to die? :$bdecidingthe fate of critically ill newborns /$cEarl E. Shelp.
260 $aNew York :$bFree Press ;$aLondon :$bCollier Macmillan,$cc1986.
300 $axiii, 250 p. ;$c24 cm.
504 $aIncludes bibliographies and index.
650 0 $aInfants (Newborn)$xDiseases$xTreatment$xMoral and ethical aspects.
650 0 $aParent and child.
650 0 $aEuthanasia$xMoral and ethical aspects.
650 0 $aInfanticide$xHistory.
650 0 $aAbnormalities$xHistory.
650 0 $aDecision Making.
650 0 $aEthics, Medical.
650 0 $aInfant, Newborn, Diseases$xtherapy.
650 0 $aLife Support Care.
650 0 $aParents.